Data analysis in high energy physics : (Record no. 355521)

000 -LEADER
fixed length control field 01557cam a22003857i 4500
001 - CONTROL NUMBER
control field 18169022
003 - CONTROL NUMBER IDENTIFIER
control field Nust- CAS-E
005 - DATE AND TIME OF LATEST TRANSACTION
control field 20180118181404.0
008 - FIXED-LENGTH DATA ELEMENTS--GENERAL INFORMATION
fixed length control field 140529s2013 gw a b 001 0 eng d
010 ## - LIBRARY OF CONGRESS CONTROL NUMBER
LC control number 2012474528
016 7# - NATIONAL BIBLIOGRAPHIC AGENCY CONTROL NUMBER
Record control number 016317750
Source Uk
020 ## - INTERNATIONAL STANDARD BOOK NUMBER
International Standard Book Number 9783527410583 (pbk : acidfree paper)
020 ## - INTERNATIONAL STANDARD BOOK NUMBER
International Standard Book Number 3527410589 (pbk : acidfree paper)
020 ## - INTERNATIONAL STANDARD BOOK NUMBER
Canceled/invalid ISBN 9783527653447 (ePDF)
020 ## - INTERNATIONAL STANDARD BOOK NUMBER
Canceled/invalid ISBN 9783527653430 (ePub)
020 ## - INTERNATIONAL STANDARD BOOK NUMBER
Canceled/invalid ISBN 9783527653423 (mobi)
020 ## - INTERNATIONAL STANDARD BOOK NUMBER
Canceled/invalid ISBN 9783527653416 (oBook)
035 ## - SYSTEM CONTROL NUMBER
System control number (OCoLC)ocn857218019
040 ## - CATALOGING SOURCE
Original cataloging agency StDuBDS
Language of cataloging eng
Transcribing agency CUD
Description conventions rda
Modifying agency OCLCO
-- YDXCP
-- UOH
-- UKMGB
-- NLE
-- BTCTA
-- DLC
042 ## - AUTHENTICATION CODE
Authentication code lccopycat
050 00 - LIBRARY OF CONGRESS CALL NUMBER
Classification number QC793.47.S83
Item number .D38 2013
082 04 - DEWEY DECIMAL CLASSIFICATION NUMBER
Classification number 539.760285
Edition number 23
Author Mark DAT 2013
245 00 - TITLE STATEMENT
Title Data analysis in high energy physics :
Remainder of title a practical guide to statistical methods /
Statement of responsibility, etc. edited by Olaf Behnke, Kevin Kröninger, Grégory Schott, and Thomas Schörner-Sadenius.
300 ## - PHYSICAL DESCRIPTION
Extent xx, 419 pages :
Other physical details illustrations ;
Dimensions 24 cm
502 0# - DISSERTATION NOTE
Dissertation note 0
504 ## - BIBLIOGRAPHY, ETC. NOTE
Bibliography, etc. note Includes bibliographical references and index.
650 #0 - SUBJECT ADDED ENTRY--TOPICAL TERM
Topical term or geographic name entry element Particles (Nuclear physics)
General subdivision Statistical methods.
700 1# - ADDED ENTRY--PERSONAL NAME
Personal name Behnke, Olaf,
Relator term editor of compilation.
700 1# - ADDED ENTRY--PERSONAL NAME
Personal name Kröninger, Kevin,
Relator term editor of compilation.
700 1# - ADDED ENTRY--PERSONAL NAME
Personal name Schott, Grégory,
Relator term editor of compilation.
700 1# - ADDED ENTRY--PERSONAL NAME
Personal name Schörner-Sadenius, Thomas,
Relator term editor of compilation.
906 ## - LOCAL DATA ELEMENT F, LDF (RLIN)
a 7
b cbc
c copycat
d 2
e ncip
f 20
g y-gencatlg
942 ## - ADDED ENTRY ELEMENTS (KOHA)
Source of classification or shelving scheme
Koha item type Book
Holdings
Withdrawn status Lost status Source of classification or shelving scheme Damaged status Not for loan Collection code Permanent Location Current Location Shelving location Date acquired Source of acquisition Cost, normal purchase price Total Checkouts Full call number Barcode Date last seen Price effective from Koha item type
            US-Pakistan Center for Advanced Studies in Energy (USPCAS-E) US-Pakistan Center for Advanced Studies in Energy (USPCAS-E)   10/26/2015 Multiline Books 7731.00   539.760285 DAT 2013 CAS-E0000640 10/26/2015 10/26/2015 Book
© 2023 Central Library, National University of Sciences and Technology. All Rights Reserved.